000 00554nam a22001937a 4500
003 OSt
005 20180116183041.0
008 160223b xxu||||| |||| 00| 0 eng d
020 _a23-009-92-1
040 _cLahore University of Management Sciences.
050 _a174.4
082 _a174.4 LUMS 1992
100 _aKHAN W M; AWAN S A
245 _aPOLYCON…WHAT NEXT? (B).
_bCase Studies.
_cWasif M Khan.
260 _aLahore
_bLahore University of Management Sciences.
_c1992.
300 _a3p.
500 _aPaper Cover
942 _2ddc
_cCS
_k174.4
999 _c351262
_d351262